Deposit insurance and crisis management

Na minha lista:
Detalhes bibliográficos
Autor principal: Garcia, Gillian
Formato: Livro
Idioma:inglês
Publicado em: Washington International Monetary Fund 2000
Colecção:IMF Working Paper WP/00/57
Assuntos:
Tags: Adicionar Tag
Sem tags, seja o primeiro a adicionar uma tag!

MARC

LEADER 00000nam a2200000 4500
001 c124203
005 20221221082005.2
041 0 |a eng 
044 |a US 
245 1 0 |a Deposit insurance and crisis management  |c Gillian Garcia 
264 1 |a Washington  |b International Monetary Fund  |c 2000 
300 |a 80 s. 
490 1 |a IMF Working Paper  |v WP/00/57 
830 0 |a IMF Working Paper  |v WP/00/57 
610 2 0 |a manažment krízový 
610 2 0 |a poistenie 
610 2 0 |a vklady 
100 1 |a Garcia, Gillian